| 000 | 00569nam a2200205Ia 4500 | ||
|---|---|---|---|
| 003 | GCL | ||
| 008 | 140319s9999 xx 000 0 eng d | ||
| 040 |
_aGCL / _cGCL |
||
| 082 | 0 | 4 |
_a658.155 _bD E |
| 100 | 1 | _aDEGARMA, E.PAUL | |
| 245 | 1 | 0 |
_aENGINEERING ECONOMY, 9th ed / _cDEGARMA, E.PAUL |
| 700 | 1 | _aSULLIVAN, WILLIAM CE. | |
| 700 | 1 | _aBONTADELLI, JAMES A. | |
| 260 |
_a[S.N] : _bMCMILLAN PUBLISHING COMPANY ، _c1993 |
||
| 300 | _a726 P | ||
| 650 | 0 | 4 | _aINDUSTRIAL ENGINEERING |
| 650 | 0 | 4 | _aENGINEERING ECONOMY |
| 650 | 0 | 4 | _aRISK ASSESSMENT |
| 942 |
_2ddc _cBK |
||
| 999 |
_c16764 _d16764 |
||